000 00382nam a2200157Ia 4500
008 230917s9999||||xx |||||||||||||| ||und||
020 _cRS176
040 _e26299
_aMAIN
041 _aEnglish
082 _a005.74 D451I
100 _aDesai, Bipin C
245 0 _aIntroduction to database systems
260 _aNew Delhi
_bGalgotia
_c1993
300 _axviii, 820 p.
942 _cBK
999 _c78527
_d78527